000
nam a22 7a 4500
999
_c
232545
_d
232545
003
ASAB
005
20170220161517.0
008
170220b xxu||||| |||| 00| 0 eng d
040
_c
ASAB
082
_a
660.6 KUM
245
_a
Basic Genome Analysis
_c
veena kumari
942
_2
ddc
_c
BK